000 00446cam a22001217a 4500
008 180718b1954 xxu||||| |||| 00| 0 eng d
082 _aI509x73 So130
245 _aOrganization manual: national officers, national committees
_cby Society for Avancement of Management, U.K.
260 _aNew York
_bSociety for Avancement of Management
_c1954
300 _av.p.
650 _aOrganization manual
700 _aU.K. Society for Avancement of Management
999 _c499654
_d499654